Регионална библиотека "Любен Каравелов" - Русе

Адела (Запис номер 189513)

MARC детайли
000 -Лидер
Контролно поле с фиксирана дължина 01541nam a2200361 c 4500
003 - Код на организацията, давaща контролен номер
Контролно поле BLK
005 - Дата и час на последна редакция
Контролно поле 20250212112846.0
008 - Елементи от данни с фиксирана дължина
fixed length control field 180411b bul|||||r ||||||| ||bul||
010 ## - Наследен системен номер
LC control number KNG00198556000
020 ## - Международен стандартен номер на книга ISBN
Международен стандартен номер на книга ISBN 978-619-161-046-4
-- издат.: Персей
040 ## - Източник на каталожния запис
Идентификатор на билиотеката - собственик на записа BLK
041 ## - Код за език
Код за езика на текст/звукозапис или на отделно заглавие Български
Код за езика КДБФ Български
072 #7 - Код за тематичната категория
Код организация bullib
Код за тематична категория Н83
Текст Чужда художествена литература Н
080 ## - УДК
Текстов определител УДК Румънска литература
УДК код - определител по УДК 821.135.1
УДК определител -31
УДК - код + определител 821.135.1-31
100 1# - Редна дума - Автор
Автор Ибрайляну, Гарабет
Авторска отговорност първи автор
R(LIN) 70406
139 ## - Редно поле
Редна дума Ибрайляну, Гарабет
Авторски знак Ибр - И 14
245 10 - Сведения за заглавието
Заглавие Адела
Подзаглавни данни Роман
Редно поле (дума) Гарабет Ибрайляну; прев. от рум. Христо Тончев Боев.
257 ## - Страна на издаване
Страна на създаване/издаване Румъния
260 ## - Област на издателските данни
-- София
Име на издателя, разпространителя и проч. Персей
Година на издаване 2014
Печатница София : Скала принт
300 ## - Физическа характеристика
Страници 191 с.
Размери/Мащаб 20 см
380 ## - Жанр
Жанр Худож. лит.
490 1# - СЕРИИ (Колекции)
Име на серия Световна класика
500 ## - Общи забележки
Забележка Ориг. загл. Adela / Garabet Ibraileanu. - Съдържа и за авт.
653 ## - Ключова дума – ненормативна
Ключова дума романи
659 ## - Тематичен бюлетин
Тематичен бюлетин Н
700 ## - Други автори (авторска отговорност)
Лично име Боев, Христо Тончев
Дати, свързани с автора 1973 -
Друга информация Автор на проза и литературна критика. Преводач от/на английски и румънски език.
9 (RLIN) 344856
852 ## - Местоположение
Форматна сигнатура Цб 283712
856 4# - Електронен адрес и достъп
Електронен формат pdf - файл
Път до файла /url/
856 4# - Електронен адрес и достъп
Електронен формат pdf - файл
Път до файла /url/
942 ## - АРТИКУЛИ
Вид на библиотечния материал Книги
Скрит в OPAC Не
Koha issues (borrowed), all copies 4
944 ## - СЪЗДАВАНЕ И РЕДАКЦИЯ на ЗАПИСА
Създаване/Редакция Създаване
Дата на регистрацията/редакция 19.12.2016
Статус, дата на статуса Геновева Генчева
Служител, извършил регистрацията/редакцията 30560
944 ## - СЪЗДАВАНЕ И РЕДАКЦИЯ на ЗАПИСА
Създаване/Редакция Редакция
Дата на регистрацията/редакция 24.01.2017
Статус, дата на статуса ф /
Служител, извършил регистрацията/редакцията Людмила_Стоянова
999 ## - СИСТЕМНИ КОНТРОЛНИ НОМЕРА
Koha biblionumber 189513
Koha biblioitemnumber 189513
Наличности
Код за отписване Код за изгубен артикул Източник на класификационната схема Код за повреда Коз за рестрикции Код за отдаване Артикулен № Име на библиотеката - собственик Име на библиотеката, в която се намира в момента Статус (Текущо местоположение) Дата на вписване в системата Местоположение - отдел Цена в лева Инвентарен номер Систематично азбучна сигнатура Баркод Номер на екземпляра Цена в евро Служебна бележка Служебен тип на артикула
  Не е изгубен Universal Decimal Classification Не е повреден без рестрикции заемане за дома 333463 Регионална библиотека "Любен Каравелов" Русе Регионална библиотека "Любен Каравелов" Русе Заемна - подръчен фонд 2016-12-21 Заемна - подръчен фонд 2.50 120000806883 П 821-31/И 14 120000806883 1 1.28 Дост: Pk Вид: Ф N: 475 Дата: 19.12.2016 Дата инв: 12.02.2018 Бележки инв: П2018 Книги
Vip Innovations Ltd, Rousse, Bulgaria 2025